Cambridge IGCSE economics workbook / (Record no. 5691)
[ view plain ]
| 000 -LEADER | |
|---|---|
| fixed length control field | 01116nam a22002177a 4500 |
| 001 - CONTROL NUMBER | |
| control field | 5691 |
| 003 - CONTROL NUMBER IDENTIFIER | |
| control field | FISKH |
| 005 - DATE AND TIME OF LATEST TRANSACTION | |
| control field | 20250114102326.0 |
| 008 - FIXED-LENGTH DATA ELEMENTS--GENERAL INFORMATION | |
| fixed length control field | 250114b cb ||||| |||| 00| 0 eng d |
| 020 ## - INTERNATIONAL STANDARD BOOK NUMBER | |
| International Standard Book Number | 9781107612310 |
| 040 ## - CATALOGING SOURCE | |
| Original cataloging agency | FISKH |
| Language of cataloging | eng |
| Transcribing agency | FISKH |
| Modifying agency | FISKH |
| 082 ## - DEWEY DECIMAL CLASSIFICATION NUMBER | |
| Classification number | 330 |
| 100 ## - MAIN ENTRY--PERSONAL NAME | |
| Personal name | Grant, Susan |
| 245 ## - TITLE STATEMENT | |
| Title | Cambridge IGCSE economics workbook / |
| Statement of responsibility, etc. | by Susan Grant |
| 250 ## - EDITION STATEMENT | |
| Edition statement | First published 2014 |
| 260 ## - PUBLICATION, DISTRIBUTION, ETC. | |
| Place of publication, distribution, etc. | Cambridge : |
| Name of publisher, distributor, etc. | Cambridge University Press ; |
| Date of publication, distribution, etc. | 2014. |
| 300 ## - PHYSICAL DESCRIPTION | |
| Extent | 249 pages : |
| Other physical details | illustrations ; |
| Dimensions | 25 cm . |
| 520 ## - SUMMARY, ETC. | |
| Summary, etc. | Endorsed by Cambridge International Examinations, Cambridge IGCSE Economics Workbook is designed to help learners develop their understanding of economics, to build up skills and to enable them to assess their progress. The workbook can be used in conjunction with the Cambridge IGCSE Economics textbook (ISBN 9781107612334) by the same author but may also be used independently. It is divided into eight sections which correspond to the sections of the syllabus and the textbook. Each section, in turn, is divided into ten parts. |
| 942 ## - ADDED ENTRY ELEMENTS (KOHA) | |
| Source of classification or shelving scheme | Dewey Decimal Classification |
| Koha item type | Books |
| Suppress in OPAC | No |
| Withdrawn status | Lost status | Source of classification or shelving scheme | Damaged status | Not for loan | Collection | Home library | Current library | Shelving location | Date acquired | Total Checkouts | Full call number | Barcode | Date last seen | Price effective from | Koha item type |
|---|---|---|---|---|---|---|---|---|---|---|---|---|---|---|---|
| Dewey Decimal Classification | Non-Fiction | Footprints International School Library Network Toul Kork Campus | Footprints International School Library Network Toul Kork Campus | TTP Secondary Non-Fiction Bookshelves | 01/14/2025 | GRA 330 | FISSE04398 | 01/14/2025 | 01/14/2025 | Books |
